Croatia 2022 FIFA World Cup Squad - Statistics

General Stats
  • This quiz has been taken 3,536 times
    3,482 since last reset
  • The average score is 15 of 27
Answer Stats
# Position Player % Correct
10 MF © Luka Modrić
99%
1 GK Dominik Livaković
87%
20 DF Joško Gvardiol
85%
4 FW Ivan Perišić
84%
8 MF Mateo Kovačić
82%
11 MF Marcelo Brozović
77%
9 FW Andrej Kramarić
74%
21 DF Domagoj Vida
72%
6 DF Dejan Lovren
70%
19 DF Borna Sosa
64%
16 FW Bruno Petković
61%
7 MF Lovro Majer
56%
14 FW Marko Livaja
54%
Manager Zlatko Dalić
54%
22 DF Josip Juranović
53%
18 FW Mislav Oršić
53%
15 MF Mario Pašalić
48%
2 DF Josip Stanišić
42%
13 MF Nikola Vlašić
42%
25 DF Josip Šutalo
41%
17 FW Ante Budimir
37%
3 DF Borna Barišić
33%
12 GK Ivo Grbić
32%
23 GK Ivica Ivušić
31%
5 DF Martin Erlić
30%
24 MF Luka Sučić
29%
26 MF Kristijan Jakić
22%
No matching quizzes found
Score Distribution
Percent of People with Each Score
Percentile by Number Answered
Your Score History
You have not taken this quiz since the last reset